Trí tuệ nhân tạo = Artificial intelligence
Nội dung tài liệu giới thiệu trí tuệ nhân tạo với máy tính, lịch sử trí tuệ nhân tạo, các kỹ thuật phát triển trí tuệ nhân tạo, những đặc trưng của trí tuệ nhân tạo...
保存先:
| 第一著者: | |
|---|---|
| フォーマット: | 図書 |
| 言語: | Undetermined |
| 出版事項: |
Hà Nội
Giáo Dục
1998
|
| 主題: | |
| タグ: |
タグ追加
タグなし, このレコードへの初めてのタグを付けませんか!
|
| Thư viện lưu trữ: | Trung tâm Học liệu Trường Đại học Cần Thơ |
|---|
| LEADER | 00853nam a2200205Ia 4500 | ||
|---|---|---|---|
| 001 | CTU_27534 | ||
| 008 | 210402s9999 xx 000 0 und d | ||
| 082 | |a 004 | ||
| 082 | |b T502 | ||
| 100 | |a Đỗ, Trung Tuấn | ||
| 245 | 0 | |a Trí tuệ nhân tạo = | |
| 245 | 0 | |b Artificial intelligence | |
| 245 | 0 | |c Đỗ Trung Tuấn | |
| 260 | |a Hà Nội | ||
| 260 | |b Giáo Dục | ||
| 260 | |c 1998 | ||
| 520 | |a Nội dung tài liệu giới thiệu trí tuệ nhân tạo với máy tính, lịch sử trí tuệ nhân tạo, các kỹ thuật phát triển trí tuệ nhân tạo, những đặc trưng của trí tuệ nhân tạo... | ||
| 650 | |a Artificial intelligence,Computer science,Information technology | ||
| 904 | |i Qhieu | ||
| 980 | |a Trung tâm Học liệu Trường Đại học Cần Thơ | ||